Handbook of research design and social measurement / (Record no. 11557)

000 -LEADER
fixed length control field 00805cam a2200253 i 4500
001 - CONTROL NUMBER
control field 357607
005 - DATE AND TIME OF LATEST TRANSACTION
control field 20160711093505.0
008 - FIXED-LENGTH DATA ELEMENTS--GENERAL INFORMATION
fixed length control field 770207s1977 nyu b 001 0 eng
010 ## - LIBRARY OF CONGRESS CONTROL NUMBER
LC control number 77000128
020 ## - INTERNATIONAL STANDARD BOOK NUMBER
International Standard Book Number 067930312X :
Terms of availability $14.95
International Standard Book Number 0679303111
040 ## - CATALOGING SOURCE
Original cataloging agency DLC
Transcribing agency DLC
Modifying agency DLC
050 00 - LIBRARY OF CONGRESS CALL NUMBER
Classification number H62
Item number .M44 1977
082 00 - DEWEY DECIMAL CLASSIFICATION NUMBER
Classification number 302/.072
Edition number 19
100 1# - MAIN ENTRY--PERSONAL NAME
Personal name Miller, Delbert Charles,
Dates associated with a name 1913-
245 10 - TITLE STATEMENT
Title Handbook of research design and social measurement /
Statement of responsibility, etc. Delbert C. Miller.
250 ## - EDITION STATEMENT
Edition statement 3d ed.
260 ## - PUBLICATION, DISTRIBUTION, ETC. (IMPRINT)
Place of publication, distribution, etc. New York :
Name of publisher, distributor, etc. D. McKay,
Date of publication, distribution, etc. 1977.
300 ## - PHYSICAL DESCRIPTION
Extent x, 518 p. ;
Dimensions 26 cm.
504 ## - BIBLIOGRAPHY, ETC. NOTE
Bibliography, etc Includes bibliographies and index.
650 #0 - SUBJECT ADDED ENTRY--TOPICAL TERM
Topical term or geographic name as entry element Social sciences
General subdivision Research.
650 #0 - SUBJECT ADDED ENTRY--TOPICAL TERM
Topical term or geographic name as entry element Sociometry.
906 ## - LOCAL DATA ELEMENT F, LDF (RLIN)
a 7
b cbc
c orignew
d 1
e ocip
f 19
g y-gencatlg
942 ## - ADDED ENTRY ELEMENTS (KOHA)
Source of classification or shelving scheme
Koha item type Hard Covered Materials
Classification part M 62 .M44 1977
Holdings
Withdrawn status Lost status Source of classification or shelving scheme Damaged status Not for loan Home library Current library Shelving location Date acquired Source of acquisition Total Checkouts Full call number Barcode Date last seen Price effective from Koha item type
          MACHAKOS UNIVERSITY LIBRARY MACHAKOS UNIVERSITY LIBRARY Open shelf 11/07/2016 Donation (BFA)   M 62 .M44 1977 21635 06/06/2019 11/07/2016 Hard Covered Materials
© Machakos University Library, Along The Highway, Machakos Wote Rd, Machakos, Kenya P.O. Box 136 - 90100 Machakos - Kenya

Tel: ( +254 ) 723 805829 OR Fax : 044-20353 OR Email: library@mksu.ac.ke